Marques françaises - mort subite - Statistiques

Statistiques générales
  • Ce quiz a été pris 932 fois
  • Le résultat moyen est 9 sur 17
Answers on the Grid
Answers color-coded by a green-red scale on the quiz's grid according to % correct below.
Louis Vuitton
Orange
Ikea
Shell
FedEx
Carrefour
Michelin
Levi's
Total
Free
Eni
Dior
Ferrero
Decathlon
Sephora
Amazon
Leroy Merlin
Volvic
Morgan
Citroën
Visa
CIC
MasterCard
Lancia
Seat
SFR
Panzani
Brets
Lego
Orpi
H&M
Haribo
 
Statistiques - réponses
Réponse % Correct
Louis Vuitton
94%
Orange
81%
Carrefour
76%
Michelin
70%
Dior
63%
Decathlon
61%
Leroy Merlin
60%
Citroën
59%
Total
57%
Free
56%
SFR
56%
Volvic
55%
CIC
40%
Brets
34%
Orpi
27%
Sephora
26%
Panzani
11%
Aucun quiz correspondant
Distribution des résultats
% des personnes avec chaque résultat
Percentile par nombre de réponses
Votre historique - résultats
Vous n’avez pas pris ce quiz